10 questions sur une ville française #16 : BORDEAUX - Statistiques

Statistiques générales
  • Ce quiz a été pris 487 fois
  • Le résultat moyen est 7 sur 10
Statistiques - réponses
Question Réponse % Correct
Avec quelle ville Bordeaux partage-t'elle le club de rugby évoluant en top 14 ? Bègles
88%
Comment se nomment les 2ème et 3ème villes de Gironde, qui sont des banlieues de Bordeaux ? Mérignac
87%
Comment se nomme la plus grande gare de Nouvelle-Aquitaine, située à Bordeaux ? Saint-Jean
86%
Quel classement occupe-t-elle en termes d'habitants en France ? 9ème
85%
Pessac
81%
Quel homme ayant dirigé de nombreux ministères fut maire de la ville de 1947 à 1995 ? Jacques Chaban-Delmas
73%
Quelle est sa superficie ? (à 10 km² près) 49,36 km²
54%
Combien Bordeaux compte-t-elle d'habitants ? (à 10 000 près) 252 040
51%
Avec quelle ville américaine côtière Bordeaux est-elle jumelée ? Los Angeles
38%
Quel animal apparaît sur le blason de la ville ? Un léopard
15%
Aucun quiz correspondant
Distribution des résultats
% des personnes avec chaque résultat
Percentile par nombre de réponses
Votre historique - résultats
Vous n’avez pas pris ce quiz